000
00255nam a22001097a 4500
005
20251013095834.0
008
251013b |||||||| |||| 00| 0 eng d
040
_c
PK-LaNCA
082
_a
712
_b
REN
245
_a
Renoir landscapes 1865 - 1883
942
_c
BK
999
_c
66973
_d
66973